Datum a čas kvízu
24
Celkem bodů
Celkový počet nahraných bodů na tomto kvízu bez doplňovacích otázek.
6.
Pořadí na kvízu
Konečné umístění týmu na tomto kvízu.
Zaznamenané odpovědi
| # | Otázka | Odpověď | Body | Výsledky |
|---|---|---|---|---|
| 1. | Minulý týden se stalo hitem so... | (Ford) Mustang, žlutá barva | 1 | |
| 2. | Které dva státy minulý týden v... | Bulharsko, Rumunsko | 1 | |
| 3. | Pondělní vyřizování účtů mezi... | Aleš Bejr | 1 | |
| 4. | Minulý týden si žena na severu... | s bambulí (od čepice) | 1 | |
| 5. | Kterými slovy na KF se nazývá... | kolem Flander | 1 | |
| 6. | Věříme, že ovládáte velkou pal... | Řecko | 1 | |
| 7. | Kalaallit Nunaat, tak zní v mí... | Dánsko | 0 | |
| 8. | Vyberte zemi, jejíž zkratka ná... | C | 0 | |
| 9. | Švýcarsko má čtyři úřední jazy... | 1B 2C 3D 4A | 0 | |
| 10. | Na snímku z letiště můžete spa... | Dublin | 0 |